[Event "Heusenstamm Sparkassen op U14 9th"]
[Site "Heusenstamm"]
[Date "2023.11.26"]
[Round "7"]
[White "Shanmuganathan, Adhav"]
[Black "Sautner, Sascha"]
[Result "0-1"]
[WhiteElo "1141"]
[BlackElo "1219"]
[PlyCount "134"]
[EventDate "2023.11.24"]
[EventType "swiss"]
[EventRounds "7"]
[EventCountry "GER"]
[SourceTitle "EXT 2025"]
[Source "ChessBase"]
[SourceDate "2024.10.14"]
[SourceVersion "1"]
[SourceVersionDate "2024.10.14"]
[SourceQuality "1"]

1. e4 c6 2. d4 d5 3. exd5 cxd5 4. Bd3 Nc6 5. c3 Nf6 6. Ne2 Bg4 7. f3 Bh5 8. 0-0 e6 9. Bf4 Bd6 10. Bg5 Qc7 11. h3 Ng8 12. Nd2 Bg6 13. Qc2 Nb4 14. Qa4+ Nc6 15. Bb5 Nge7 16. Nb3 0-0 17. Bxe7 Nxe7 18. Nbc1 a6 19. Bd3 b5 20. Qd1 Nf5 21. a4 Ne3 22. Qd2 Nxf1 23. Kxf1 Rab8 24. axb5 axb5 25. Rb1 b4 26. Bxg6 hxg6 27. Nd3 bxc3 28. Nxc3 Rb7 29. Rc1 Qa5 30. Qc2 Rc7 31. Qb3 Rfc8 32. Re1 Be7 33. Ne5 Bf6 34. f4 Bxe5 35. fxe5 Qa6+ 36. Kg1 Rb7 37. Qc2 Qb6 38. Re2 Qb3 39. Qxb3 Rxb3 40. Na4 Rcb8 41. Kf2 R8b4 42. Nc5 Rxb2 43. Rxb2 Rxb2+ 44. Kf3 Kh7 45. g4 Kh6 46. h4 g5 47. h5 g6 48. hxg6 Kxg6 49. Nd7 Rb3+ 50. Ke2 Rh3 51. Nf6 Rh1 52. Kd3 Rf1 53. Nd7 Rf4 54. Nf6 Rxf6 55. exf6 Kxf6 56. Ke2 e5 57. dxe5+ Kxe5 58. Ke3 f6 59. Kd3 Kf4 60. Ke2 Kxg4 61. Kf2 d4 62. Ke2 f5 63. Kf2 f4 64. Kg2 d3 65. Kf2 f3 66. Kf1 d2 67. Kg1 d1Q+ 0-1

[Event "Heusenstamm Sparkassen op U14 9th"]
[Site "Heusenstamm"]
[Date "2023.11.24"]
[Round "1"]
[White "Sautner, Sascha"]
[Black "Wolf, Aurelia"]
[Result "1-0"]
[WhiteElo "1219"]
[BlackElo "894"]
[PlyCount "115"]
[EventDate "2023.11.24"]
[EventType "swiss"]
[EventRounds "7"]
[EventCountry "GER"]
[SourceTitle "EXT 2025"]
[Source "ChessBase"]
[SourceDate "2024.10.14"]
[SourceVersion "1"]
[SourceVersionDate "2024.10.14"]
[SourceQuality "1"]

1. e4 e5 2. Nf3 Nc6 3. Bb5 a6 4. Ba4 Nf6 5. d3 b5 6. Bb3 Bb4+ 7. c3 Bc5 8. 0-0 d5 9. d4 exd4 10. cxd4 Bb4 11. e5 Ne4 12. h3 0-0 13. Nbd2 Be6 14. Qc2 Qd7 15. Nxe4 dxe4 16. Qxe4 f5 17. Bxe6+ Qxe6 18. Qe3 Rad8 19. Rd1 Qc4 20. Qb3 Qxb3 21. axb3 a5 22. Bg5 Rd7 23. d5 Ne7 24. e6 Rdd8 25. d6 Bxd6 26. Rxd6 cxd6 27. Bxe7 Rc8 28. Bxf8 Kxf8 29. Rxa5 Rc1+ 30. Kh2 Rb1 31. Rxb5 Rxb2 32. Rb7 Rxf2 33. Rf7+ Ke8 34. Rxg7 Re2 35. e7 Rxe7 36. Rxe7+ Kxe7 37. Kg3 Kf6 38. b4 d5 39. b5 Ke6 40. Kf4 Kd6 41. Kxf5 Kc5 42. Nd4 h6 43. g4 Kb6 44. h4 Kc5 45. g5 hxg5 46. hxg5 Kb6 47. g6 Kc5 48. g7 Kb6 49. g8Q Kc5 50. Qxd5+ Kxd5 51. b6 Kd6 52. Ke4 Kd7 53. Kd5 Kc8 54. Kc6 Kb8 55. b7 Ka7 56. Kc7 Ka6 57. b8Q Ka5 58. Qb5# 1-0